00872cam a2200241u 450000100060000000300080000600500170001400800410003103500190007204000280009104100080011908200220012710000570014924500960020626000410030230000260034350400200036965000310038965000380042094200120045899900170047095201430048733503BD-RjUL20211209052023.0140508s1920 nyu 001 0 eng d a(BD-RjUL)33594 aDLCcCarPdBD-RjULbeng aeng a301.15bMCG 19201 aMcDougall, Williamd1871- [from old catalog]910167214aThe group mind :ba sketch of the principles of collective psychology /cMcDougall, William aCambridge :bUnversity Press,c1920. axvi, 304 p. ;c20 cm. aIncludes index. 0aSocial psychology.9101673 0aNational characteristics.9101674 2ddccBK c33503d33503 00102ddc40718NFICaRUCLbRUCLcReadingd1956-03-10eB.H.Blackwellg0.00l0o301.15 MCG 1920r2014-05-08 00:00:00tC-1w2021-12-09yBK